| 000 | 00760 a2200193 4500 | ||
|---|---|---|---|
| 003 | Nust | ||
| 005 | 20230522111113.0 | ||
| 010 | _a7476053 | ||
| 020 | _a471266809 | ||
| 040 | _cNust | ||
| 082 | _a004,FOR | ||
| 100 |
_aKeenan, Forsythe _9112486 |
||
| 245 |
_aComputer Science A primer / _cForsythe, Keenan, Organick,Stenberg |
||
| 260 |
_aNY _bWiley _c1969 |
||
| 300 | _axvii,403 | ||
| 505 | _aAlgorithms and Computers (Page-2), The Flow Chart Language (Page-44), Additional Flow Chart Concepts (Page-84), Looping (Page-136), Approximations (Page-202), Functions And Procedures (Page-234), Some Mathematical Applications (Page-280), More Mathematical Applications (Page-332), SAMOS (Page-370). | ||
| 600 |
_tComputer Science _981550 |
||
| 942 |
_2ddc _cBKB |
||
| 999 |
_c176400 _d176400 |
||